000 00380nam a22001697a 4500
003 UA-OsUOA
001 5491
007 ta
008 20050721b un ||||| |||| 00| 0 ukr d
100 _aStanford
700 _aJudith A.
942 _cBK
040 _aUA-OsUOA
_cUA-OsUOA
_dUA-OsUOA
245 _aConnections Reading and Writing in Cult. Contexts.
955 _a2
650 7 _2UDC
999 _c291653
_d291653